Beligerantes de la Segunda Guerra Mundial - Estadísticas

Estadísticas generales
  • Esta prueba ha sido intentada 92 veces
  • La puntuación promedio es 37 de 61
Estadísticas de respuestas
Bando Beligerante % Correcto
Potencias del Eje Alemania
100%
Potencias del Eje Japón
99%
Potencias del Eje Italia
97%
Aliados Resiliencia italiana
97%
Aliados China
96%
Aliados Estados Unidos
96%
Aliados Francia libre
96%
Aliados Reino Unido
95%
Aliados Unión Soviética
91%
Aliados Canadá
88%
Aliados Grecia
88%
Aliados México
87%
Aliados Brasil
85%
Potencias del Eje Rumanía
84%
Aliados Australia
83%
Aliados Bélgica
83%
Potencias del Eje Hungría
83%
Aliados Países Bajos
81%
Potencias del Eje Finlandia
80%
Aliados Noruega
80%
Aliados Nueva Zelanda
79%
Potencias del Eje India libre
77%
Aliados Yugoslavia
77%
Potencias del Eje Bulgaria
75%
Aliados Dinamarca
75%
Aliados Polonia
75%
Aliados Egipto
71%
Aliados Luxemburgo
71%
Aliados Sudáfrica
69%
Potencias del Eje Corea
65%
Potencias del Eje Irak
65%
Potencias del Eje Irán
64%
Potencias del Eje Albania
63%
Aliados Checoslovaquia
63%
Aliados Filipinas
63%
Aliados Marruecos
63%
Potencias del Eje Tailandia
60%
Potencias del Eje Vietnam
60%
Aliados Etiopía
59%
Aliados Argelia francesa
57%
Potencias del Eje Croacia
53%
Potencias del Eje Birmania
51%
Potencias del Eje Serbia
51%
Aliados Mongolia
49%
Aliados Túnez
49%
Potencias del Eje Eslovaquia
41%
Aliados Malasia británica
37%
Potencias del Eje Montenegro
37%
Potencias del Eje Régimen de Vichy
35%
Aliados Birmania británica
31%
Aliados Malta
28%
Aliados Nepal
27%
Aliados Indochina francesa
21%
Aliados Raj británico
15%
Potencias del Eje Manchukuo
13%
Aliados Indias orientales neerlandesas
11%
Potencias del Eje Bohemia y Moravia
9%
Aliados Tannu Tuvá
8%
Potencias del Eje Mengjiang
7%
Potencias del Eje Chetniks
1%
Potencias del Eje Nankín
1%
No se encontraron pruebas coincidentes
Distribución de puntuación
Porcentaje de gente con cada puntuación
Porcentaje por número respondido
Historial de tus puntuaciones
No has intentado esta prueba.